000 00862nac a22002657a 4500
001 BR8705620
003 BR-BrBNA
005 20240105120551.0
008 230509b bl.|||m| |||| 00| 0 por d
040 _aBR-BrBNA
_bpor
_cBiblioteca Nacional de Agricultura
072 _aF30
090 _a3575 BR8705620
100 1 _aSiqueira, E.R. de
100 1 _aFranca-Dantas, M.S.
110 1 _aCentro Nacional de Pesquisa de Coco, Aracaju, SE (Brasil)
_91760
245 1 _aCriterio para selecao de sementes de coqueiro (Cocos nucifera L.)
260 3 _aAracaju, SE (Brasil):
_c1984.
300 _a4 p.
490 _aComunicado Tecnico - Centro Nacional de Pesquisa de Coco (Brazil)
_vno. 18
_xISSN 0100-4867
650 _aCOCO
650 _aSEMENTE
650 _aSELECAO GENETICA
909 _a202312
_bLúcia Elande
_c55
_dLúcia Elande
942 _2AGRIS
_n0
_cMS
999 _c280201
_d280201